000
00240nam a2200097Ia 4500
001
711532
005
20250826162810.0
008
250824s9999 xx 000 0 und d
245
0
_a
BENİM ADIM MAYIS
_c
BUKET UZUNER
260
_b
EVEREST YAYINLARI
999
_c
711532
_d
711532